Factores asociados a la infección por COVID-19 en pacientes vacunados del departamento de Bolívar incluido el Distrito de Cartagena 2021 / (Registro nro. 4601)

Detalles MARC
000 -LEADER
fixed length control field 01714nam a2200241 4500
005 - DATE AND TIME OF LATEST TRANSACTION
control field 20250329165444.0
008 - FIXED-LENGTH DATA ELEMENTS--GENERAL INFORMATION
fixed length control field 180125s2022 000 0 eng d
040 ## - CATALOGING SOURCE
Original cataloging agency CO-CtgCURN
Language of cataloging spa
Transcribing agency coctgcurn
082 0# - DEWEY DECIMAL CLASSIFICATION NUMBER
Classification number INQ 2022
Item number C278
100 1# - MAIN ENTRY--PERSONAL NAME
Personal name Castillo Benítez, Ana Karina.
245 10 - TITLE STATEMENT
Title Factores asociados a la infección por COVID-19 en pacientes vacunados del departamento de Bolívar incluido el Distrito de Cartagena 2021 /
Statement of responsibility, etc. Ana Karina Castillo Benítez; Daniela Isabel Escalante Bravo; Joaquín Camilo Leal Palacio; director: Jaime Alberto Lorduy Gómez.
260 ## - PUBLICATION, DISTRIBUTION, ETC.
Place of publication, distribution, etc. Cartagena de Indias :
Name of publisher, distributor, etc. Corporación Universitaria Rafael Nuñez,
Date of publication, distribution, etc. 2022.
300 ## - PHYSICAL DESCRIPTION
Extent 95 hojas.
502 ## - DISSERTATION NOTE
Dissertation note Trabajo de Grado. (Instrumentador Quirurgico). Corporación Universitaria Rafael Nuñez . Facultad de Ciencias de la Salud . Programa de Instrumentación Quirúrgica, 2022.
520 ## - SUMMARY, ETC.
Summary, etc. "El COVID-19 es una enfermedad infecciosa que tiene como agente etiológico el SARS-CoV-2. La infección posterior a la vacunación se ha definido en estudios de efectividad de cada una de las vacunas, sin embargo; es importante determinar el riesgo de infección y la aparición de los síntomas en las poblaciones humanas "
650 #0 - SUBJECT ADDED ENTRY--TOPICAL TERM
Topical term or geographic name entry element Instumentacion quirurgica
Form subdivision Tesis y Disertaciones Academicas.
700 1# - ADDED ENTRY--PERSONAL NAME
Personal name Escalante Bravo, Daniela Isabel.
700 1# - ADDED ENTRY--PERSONAL NAME
Personal name Leal Palacio, Joaquín Camilo.
700 1# - ADDED ENTRY--PERSONAL NAME
Personal name Lorduy Gómez, Jaime Alberto,
Titles and other words associated with a name director.
856 7# - ELECTRONIC LOCATION AND ACCESS
Uniform Resource Identifier <a href="https://unicurn.sharepoint.com/:b:/s/biblioteca/ES0bFbeLJRVHvtHiJMb3jgYBY5s2hmKqsewiyyMrRS-SFw?e=0Z9lxN">https://unicurn.sharepoint.com/:b:/s/biblioteca/ES0bFbeLJRVHvtHiJMb3jgYBY5s2hmKqsewiyyMrRS-SFw?e=0Z9lxN</a>
Public note Click aqui para ver el recurso en texto completo
942 ## - ADDED ENTRY ELEMENTS (KOHA)
Source of classification or shelving scheme Dewey Decimal Classification
Koha item type Trabajos de grado
Classification part INQ 2022
Item part C278
Existencias
Withdrawn status Lost status Damaged status Not for loan Collection Home library Current library Shelving location Date acquired Cost, normal purchase price Total checkouts Full call number Barcode Date last seen Price effective from Koha item type
        Trabajos de grado Miguel Henríquez Emiliani Miguel Henríquez Emiliani Trabajo de grado 09/23/2018 35000.00   INQ 2022 C278 024627 03/29/2025 03/29/2025 Trabajos de grado